000 00672nam a2200181Ia 4500
008 090123s9999 xx 000 0 und d
082 _b41873
100 _aअष्टीकर मंदाकिनी
245 _aमनात फुलली चैत्रपालवी
250 _a1
260 _bनिशीगंध प्रकाशन
_c2007
300 _a208
600 _aअष्टीकर मंदाकिनी
630 _aमनात फुलली चैत्रपालवी
700 _aअष्टीकर मंदाकिनी
730 _aमनात फुलली चैत्रपालवी
942 _cBOOK
999 _c79950
_d79950